Villes de France en C - Statistiques

Statistiques générales
  • Ce quiz a été pris 148 fois
  • Le résultat moyen est 9 sur 15
Statistiques - réponses
Indices Villes % Correct
Quelle ville est la préfecture du Calvados ? Caen
95%
Quelle ville abrite une "jungle", lieu où des centaines de migrants résident, avant un potentiel passage en Angleterre ? Calais
83%
Quelle ville languedocienne est célèbre pour ses fortifications ? Carcassonne
81%
Quelle ville nordiste est connue pour fabriquer les célèbres "Bêtises" ? Cambrai
80%
Quelle ville francilienne est l'homonyme d'oiseaux symbolisant la paix ? Colombes
77%
Quelle ville auvergnate est connue pour abriter le siège de l'entreprise Michelin ? Clermont-Ferrand
76%
Quelle ville alsacienne est surnommée la "Petite Venise" avec la rivière du Lauch ? Colmar
76%
Quelle autre ville normande se trouve à la pointe du Cotentin ? Cherbourg-en-Cotentin
74%
Quelle ville bretonne abrite un alignement de 2 934 menhirs ? Carnac
65%
Quelle ville, savoyarde, se trouve à proximité du lac du Bourget ? Chambéry
61%
Quelle ville de Charente est connue pour sa production d'eau-de-vie ? Cognac
55%
Quelle ville corse, quatrième par la population, abrite l'université Pascal Paoli ? Corte
44%
Quelle ville du Rhône est célèbre pour avoir été le lieu de l'arrestation de Jean Moulin? Caluire-et-Cuire
26%
Quelle ville est la plus peuplée de la banlieue toulousaine ? Colomiers
20%
Quelle ville des Alpes de Haute Provence est la sous préfecture la moins peuplée de France ? Castellane
11%
Aucun quiz correspondant
Distribution des résultats
% des personnes avec chaque résultat
Percentile par nombre de réponses
Votre historique - résultats
Vous n’avez pas pris ce quiz